00720nam a2200181 4500001000700000003000900007005001700016007000300033008004100036245010700077260007600184300004100260700003100301700002900332852003400361999001900395952012400414147989ES-MaACL20230906202353.0t|070214s1948 mx r ||||1| spa d00aCirugía de urgencia / cbajo la dirección de Julius L. Spivack ; traducción de Oscar G. Carrera. aMéxico : bUnión Tipográfica Editorial Hispano-Americana, c1948. a2 tomos, 4 lám. : bil. ; c25 cm.1 aSpivack, Julius L.91077761 aCarrera, Oscar G.935633 aES-MaACLjE-1540-41 bR.28830 c147989d147989 00104070aATENEOMbATENEOMcDEPO2d2008-01-17eSCl0oE-1540-41p1154443r2023-02-23 00:00:00w2023-02-23yMONOGRAFIA